00759nam a22002057a 4500999001900000005001700019010001500036020002600051035001400077037001300091082001400104245010500118260002100223270008000244300002100324700003200345700002400377942002800401952012400429 c193337d19333720221213115708.0 aENG-135513 a9788185835764c395.00 aEN-119045 bDBAD/PUB a352.00732 apanchayats' role in mgnrega and financial inclusion/cEditied by Sher singh sangwan [and] gagan deep aChandigarhc2015 aCentre for research in rural and industrial developmentbChandigarhe160019 a277p.c24cm(hbk) aSangwan, sher singheeditor aDeep, gaganeeditor 2ddccENmPANh352.00732 001040708NFICaAGbAGd2022-11-01eDBAD/PUBg395.00l0o352.00732 PANpEN-119045r2022-11-01 00:00:00t1v395.00yEN